00854nam a2200181 a 4500008004100000020002200041245025600063260004600319300003000365504004100395653006800436650005400504700002100558710006600579003000100645005001700646040000900663  a185339016X (pbk.)00aMicroenterprises in developing countries :bpapers and proceedings of an international conference held in Washington, D. C., USA, 6-9 June 1988, sponsored by the Committee of Donor Agencies for Small Enterprise Development /cedited by Jacob Levitsky. aLondon :bIntermediate Technology,c1989. axxxviii, 274 p. ;c23 cm. aIncludes bibliographical references.0 aDeveloping countriesaEconomic conditionsaRole ofaSmall firms 0aSmall businesszDeveloping countriesvCongresses.1 aLevitsky, Jacob.2 aCommittee of Donor Agencies for Small Enterprise Development.20230123133149.0 cNUST